| 000 | 00340nam a2200133Ia 4500 | ||
|---|---|---|---|
| 008 | 230312s9999||||xx |||||||||||||| ||und|| | ||
| 082 |
_a629.132 _bMET-A |
||
| 100 | _aM.Haufe | ||
| 245 | 0 | _aMeterials & Hardware : P/66-C/003-P-3 | |
| 260 |
_bPerth College _c2006 |
||
| 300 | _a12 | ||
| 650 |
_aAviation _vEngineering/Technology |
||
| 942 | _cBK | ||
| 999 |
_c12827 _d12827 |
||